Statistiken für Sherlock Holmes Fälle

Klicken Sie hier um das Quiz zu spielen!

Allgemein

  • Dieses Quiz wurde 55 mal gespielt
  • Das Durchschnittsergebnis liegt bei 8 aus 59

Antwortstatistiken

FallAntwort% Korrekt
12Eine Studie in Scharlachrot
61%
58Das letzte Problem
42%
2Der blaue Karfunkel
36%
18Der Hund der Baskervilles
36%
24Im Zeichen der Vier
36%
3Das Musgrave-Ritual
30%
4Die fünf Orangenkerne
30%
6Das Tal der Furcht
27%
5Die sechs Napoleons
27%
9Ein Skandal in Böhmen
27%
7Der Vampir von Sussex
24%
38Das gesprenkelte Band
21%
25Das gelbe Gesicht
18%
1Das Haus bei den Blutbuchen
18%
59Das leere Haus
18%
44Die Bruce-Partington-Pläne
18%
56Der Daumen des Ingenieurs
15%
40Der goldene Kneifer
15%
47Der Mazarin-Stein
15%
11Die drei Garridebs
15%
17Silberpfeil
15%
22Das Geheimnis der "Gloria Scott"
12%
10Der Baumeister von Norwood
12%
49Der erbleichte Soldat
12%
8Der Patient
12%
31Die drei Giebel
12%
29Die Liga der Rothaarigen
12%
41Abbey Grange
9%
21Der Bucklige
9%
53Der Detektiv auf dem Sterbebett
9%
28Der Mann mit der entstellten Lippe
9%
37Die einsame Radfahrerin
9%
15Die Internatsschule
9%
46Die Löwenmähne
9%
14Die tanzenden Männchen
9%
50Shoscombe Old Place
9%
34Charles Augustus Milverton
6%
26Das Diadem
6%
45Das Verschwinden der Lady Carfax
6%
23Der Flottenvertrag
6%
20Der Landadel von Reigate
6%
55Der Mann mit dem geduckten Gang
6%
36Der Teufelsfuß
6%
16Der zweite Fleck
6%
43Die Pappschachtel
6%
30Eine Frage der Identität
6%
60Seine Abschiedsvorstellung
6%
51Der Farbenhändler im Ruhestand
3%
13Der griechische Dolmetscher
3%
48Der illustre Klient
3%
32Der rote Kreis
3%
33Der schwarze Peter
3%
27Der vermisste Rugbyspieler
3%
54Die drei Studenten
3%
35Die verschleierte Mieterin
3%
42Das Rätsel von Boscrome Valley
0%
57Der adelige Junggeselle
0%
19Der Angestellte des Börsenmaklers
0%
52Wisteria Lodge
0%

Verteilung der Resultate

Perzentil nach korrekt beantworteten Fragen

Anzahl Personen mit jedem Resultat

Ihre Resultats-Entwicklung

Sie haben dieses Quiz noch nicht gespielt